01017cam a22002057a 4500020001800000020001500018040000800033082002600041245009500067260007700162300006700239500024500306500004900551650001600600700001800616700002200634710006100656710004000717856005400757 a9789251058725 a9251058725 cSDB00a338 FOO 2007 A078 Or.10aGlobal trade conference on aquaculture :b29-31 May 2007, Qingdao, China : [proceedings] / aRome :bFood and Agriculture Organization of the United Nations,cc2007. ax, 271 p. :bill. (some col.), ports. (chiefly col.) ;c30 cm. a"Organized by the FAO Fisheries and Aquaculture Department in cooperation with FISHINFONetwork and ... hosted by the Chinese Ministry of Agriculture with the support of its Bureau of Fisheries and the Society of Fisheries"--P. [4] of cover. a"TC/M/A1454E/1/11.07/1800"--P. [4] of cover. 0aAquaculture1 aArthur, J. R.1 aNierentz, Jochen.2 aFood and Agriculture Organization of the United Nations.2 aFAO Fisheries and Aquaculture Dept.41uhttp://www.fao.org/docrep/010/a1454e/a1454e00.htm